Understanding human anatomy and physiology (Record no. 32949)

MARC details
000 -LEADER
fixed length control field 00660nam a2200169 a 4500
008 - FIXED-LENGTH DATA ELEMENTS--GENERAL INFORMATION
fixed length control field 150824s1978 ||||||||||||||||| || u
020 ## - INTERNATIONAL STANDARD BOOK NUMBER
International Standard Book Number 007059645x
050 ## - LIBRARY OF CONGRESS CALL NUMBER
Classification number QP 34.5 Sol
100 ## - MAIN ENTRY--PERSONAL NAME
Personal name Solomon, Eldra Pearl
245 10 - TITLE STATEMENT
Title Understanding human anatomy and physiology
Statement of responsibility, etc. by Eldra Pearl Solomon and P. William Davis
260 ## - PUBLICATION, DISTRIBUTION, ETC.
Place of publication, distribution, etc. New York
Name of publisher, distributor, etc. Mc Graw- Hill
Date of publication, distribution, etc. 1978
300 ## - PHYSICAL DESCRIPTION
Extent xiii, 639p. :ill.
350 ## -
-- 0.01
650 #0 - SUBJECT ADDED ENTRY--TOPICAL TERM
Topical term or geographic name entry element HUMAN ANATOMY
650 #0 - SUBJECT ADDED ENTRY--TOPICAL TERM
Topical term or geographic name entry element HUMAN PHYSIOLOGY
995 ## -
-- MICHAEL CHILUFYA SATA OPEN ACCESS
-- 903091
-- CBU-SCHOOL OF MEDICINE LIBRARY (Ndola)
-- 0.00
-- QP 34.5 Sol
-- 1
-- AVAILABLE
-- Sep 4, 2015
-- 903091
-- Medical Library Open Access Collection
999 ## -
-- 32949
-- 32949
Holdings
Withdrawn status Lost status Source of classification or shelving scheme Damaged status Not for loan Permanent Location Current Location Shelving location Date acquired Total Checkouts Full call number Barcode Date last seen Price effective from Koha item type
          CBU-SCHOOL OF MEDICINE LIBRARY, NDOLA. CBU-SCHOOL OF MEDICINE LIBRARY, NDOLA.   11/30/2022   QP 34.5 Sol 903091 11/30/2022 11/30/2022 MONOGRAPH